Biblioteca y Centro de Documentación

Base de datos de la economía social (Registro nro. 25828)

Detalles MARC
000 -CABECERA
Longitud fija campo de control 01577nas a2200373 c 4500
001 - NÚMERO DE CONTROL
Número de control 25828
003 - IDENTIFICADOR DE NÚMERO DE CONTROL
Identificador del número de control ES-MaCES
005 - FECHA Y HORA DE LA ÚLTIMA TRANSACCIÓN
Fecha y hora de la última transacción 20250307115256.0
007 - PHYSICAL DESCRIPTION FIXED FIELD--GENERAL INFORMAT
Campo fijo de descripción física cr |||||||||||
008 - CAMPO FIJO DE DESCRIPCIÓN FIJA--INFORMACIÓN GENERAL
Códigos de información de longitud fija   000223u1995 sp b| s | |spa d
035 ## - NÚMERO DE CONTROL DEL SISTEMA
Número de control del sistema CES20000000314p
040 ## - FUENTE DE CATALOGACIÓN
Centro catalogador de origen ES-MaCES
Lengua de catalogación spa
Centro transcriptor ES-MaCES
245 00 - MENCIÓN DE TÍTULO
Título Base de datos de la economía social
Resto del título : sociedades cooperativas y anónimas laborales en situación de alta en la seguridad social
Mención de responsabilidad, etc. Instituto Nacional de Fomento de la Economía Social
260 ## - PUBLICACIÓN, DISTRIBUCIÓN, ETC (PIE DE IMPRENTA)
Lugar de publicación, distribución, etc. Madrid (Pío Baroja, 6, 28071)
Nombre del editor, distribuidor, etc. INFES
-- Ministerio de Trabajo y Asuntos Sociales
300 ## - DESCRIPCIÓN FÍSICA
Extensión v. + 1 carpeta
Otras características físicas gráf.
Dimensiones 30 cm
310 ## - PERIODICIDAD ACTUAL DE LA PUBLICACIÓN
Periodicidad actual Trimestral
500 ## - NOTA GENERAL
Nota general Descripción basada en: 30 sept. 1995
500 ## - NOTA GENERAL
Nota general Cada número va precedido de un suplemento que recoge los números anteriores del año en curso bajo el tít.: Sociedades cooperativas constituidas, sociedades anónimas laborales registradas (datos provisionales)
500 ## - NOTA GENERAL
Nota general Tít. de la cub
541 ## - NOTA DE LA FUENTE INMEDIANTE DE ADQUISICIÓN
Forma de adquisición Gratuito
650 #4 - ASIENTO SECUNDARIO DE MATERIA--TÉRMINO DE MATERIA
Término de materia o nombre geográfico como elemento inicial datos estadísticos
9 (RLIN) 30765
650 #4 - ASIENTO SECUNDARIO DE MATERIA--TÉRMINO DE MATERIA
Término de materia o nombre geográfico como elemento inicial España
9 (RLIN) 26964
650 #4 - ASIENTO SECUNDARIO DE MATERIA--TÉRMINO DE MATERIA
Término de materia o nombre geográfico como elemento inicial seguridad social
9 (RLIN) 27034
650 #4 - ASIENTO SECUNDARIO DE MATERIA--TÉRMINO DE MATERIA
Término de materia o nombre geográfico como elemento inicial cooperativa
9 (RLIN) 27136
650 #4 - ASIENTO SECUNDARIO DE MATERIA--TÉRMINO DE MATERIA
Término de materia o nombre geográfico como elemento inicial sociedades
9 (RLIN) 30766
653 10 - TÉRMINO DE INDEXACIÓN--NO CONTROLADO
Término no controlado Estadísticas
710 2# - ENCABEZAMIENTO SECUNDARIO--NOMBRE CORPORATIVO
Nombre de entidad o nombre de jurisdicción como elemento inicial Instituto Nacional de Fomento de la Economía Social (España)
9 (RLIN) 4277
710 1# - ENCABEZAMIENTO SECUNDARIO--NOMBRE CORPORATIVO
Nombre de entidad o nombre de jurisdicción como elemento inicial España
Unidad subordinada Ministerio de Trabajo y Seguridad Social
Término indicativo de función ed.
9 (RLIN) 3276
866 #1 - FUENTES TEXTUALES--UNIDAD BIBLIOGRÁFICA BÁSICA
Holdings textuales 1995-2001.
Nota pública Ubicación: DEPÓSITO - 55/850
905 ## - CES. DATOS REVISTA
Kardex NO
Proceso +
942 ## - ELEMENTOS KOHA
Fuente de clasificaión o esquema Clasificación propia del CES
Koha [por defecto] tipo de item Periódicas
Parte de clasificación Estadísticas
Existencias
Serie de enumeración ; cronología Número de registro Préstamos totales Tipo de item de Koha
Los fascículos están disponibles en la biblioteca del CES 034601   Periódicas
Los fascículos están disponibles en la biblioteca del CES 034602   Periódicas
© CES, Consejo Económico y Social de España 2021